<?xml version="1.0" encoding="UTF-8"?>
<record
    xmlns:xsi="http://www.w3.org/2001/XMLSchema-instance"
    xsi:schemaLocation="http://www.loc.gov/MARC21/slim http://www.loc.gov/standards/marcxml/schema/MARC21slim.xsd"
    xmlns="http://www.loc.gov/MARC21/slim">

  <leader>02574njm a2200397Ia 4500</leader>
  <controlfield tag="001">A1296</controlfield>
  <controlfield tag="003">IT-RoPAU</controlfield>
  <controlfield tag="005">20220918181123.0</controlfield>
  <controlfield tag="008">131025s9999    xx            000 0 und d</controlfield>
  <datafield tag="040" ind1=" " ind2=" ">
    <subfield code="a">IT-RoPAU</subfield>
  </datafield>
  <datafield tag="040" ind1=" " ind2=" ">
    <subfield code="c">IT-RoPAU</subfield>
  </datafield>
  <datafield tag="041" ind1=" " ind2=" ">
    <subfield code="a">ITALIANO</subfield>
  </datafield>
  <datafield tag="999" ind1=" " ind2=" ">
    <subfield code="c">99964</subfield>
    <subfield code="d">99964</subfield>
  </datafield>
  <datafield tag="999" ind1=" " ind2=" ">
    <subfield code="b">n.d.</subfield>
  </datafield>
  <datafield tag="100" ind1=" " ind2=" ">
    <subfield code="a">AA.VV.</subfield>
    <subfield code="9">794</subfield>
  </datafield>
  <datafield tag="100" ind1=" " ind2=" ">
    <subfield code="e">Autore musica</subfield>
    <subfield code="9">27903</subfield>
  </datafield>
  <datafield tag="100" ind1=" " ind2=" ">
    <subfield code="g">Codice autore musica SPICS: 12000</subfield>
    <subfield code="9">796</subfield>
  </datafield>
  <datafield tag="245" ind1=" " ind2=" ">
    <subfield code="a">Fivelandia 9-Le pi&#xF9; belle sigle originali dei tuoi amici in tv </subfield>
  </datafield>
  <datafield tag="250" ind1=" " ind2=" ">
    <subfield code="a">1a ed.</subfield>
  </datafield>
  <datafield tag="260" ind1=" " ind2=" ">
    <subfield code="a">MILANO</subfield>
  </datafield>
  <datafield tag="260" ind1=" " ind2=" ">
    <subfield code="b">FIVE RECORD</subfield>
    <subfield code="c">1991 [1a Ed.:1991 - Ed. Lingua Orig.: 1991]</subfield>
  </datafield>
  <datafield tag="300" ind1=" " ind2=" ">
    <subfield code="a">DISCO</subfield>
  </datafield>
  <datafield tag="300" ind1=" " ind2=" ">
    <subfield code="c">52 minuti (Testo: 0 pag.)</subfield>
  </datafield>
  <datafield tag="500" ind1=" " ind2=" ">
    <subfield code="a">Sigle televisive degli sSpettacoli per bambini</subfield>
  </datafield>
  <datafield tag="505" ind1=" " ind2=" ">
    <subfield code="a">Il libro della giungla (4:00) - Ciao Sabrina (4:00) - Il mistero della pietra azzurra (4:00) - I nonni ascoltano (4:00) - Pap&#xE0; Gambalunga (4:00) - Bravo Moliere (4:00) - Quando &#xE8; in onda Bim bum bam (4:00) - L'Europa siamo noi (4:00) - Dolceluna (4:00) - Luna party (4:00) - Mille luci nel bosco (4:00) - D'Artacan (4:00) - Il ritorno dei cavalieri dello zodiaco (4:00) - Corre il treno di ciao ciao (4:00)</subfield>
  </datafield>
  <datafield tag="650" ind1=" " ind2=" ">
    <subfield code="a">SIGLE TV [DISCHI]</subfield>
    <subfield code="e">Codice MATERIA SPICS: 9950</subfield>
    <subfield code="9">27904</subfield>
  </datafield>
  <datafield tag="700" ind1=" " ind2=" ">
    <subfield code="a">D'Avena Cristina</subfield>
    <subfield code="d">Codice interprete SPICS: 24664</subfield>
    <subfield code="e">Interprete</subfield>
    <subfield code="9">27905</subfield>
  </datafield>
  <datafield tag="700" ind1=" " ind2=" ">
    <subfield code="a">Valeri Manera Alessandra</subfield>
    <subfield code="d">Codice autore musica SPICS: 26074</subfield>
    <subfield code="e">Autore musica</subfield>
    <subfield code="p">Il libro della giungla - Ciao Sabrina - Il mistero della pietra azzurra - I nonni ascoltano - Pap&#xE0; Gambalunga - L'Europa siamo noi - Dolceluna - Luna party - Mille luci nel bosco - D'Artacan</subfield>
    <subfield code="9">27906</subfield>
  </datafield>
  <datafield tag="700" ind1=" " ind2=" ">
    <subfield code="a">Carucci N.</subfield>
    <subfield code="d">Codice autore SPICS: 24632</subfield>
    <subfield code="e">Autore</subfield>
    <subfield code="p">Il libro della giungla - Il mistero della pietra azzurra - I nonni ascoltano - Pap&#xE0; Gambalunga - Luna party - Mille luci nel bosco</subfield>
    <subfield code="9">27907</subfield>
  </datafield>
  <datafield tag="700" ind1=" " ind2=" ">
    <subfield code="a">Cassano Piero</subfield>
    <subfield code="d">Codice autore SPICS: 18807</subfield>
    <subfield code="e">Autore</subfield>
    <subfield code="p">Ciao Sabrina - Dolceluna</subfield>
    <subfield code="9">27908</subfield>
  </datafield>
  <datafield tag="700" ind1=" " ind2=" ">
    <subfield code="a">Marino Pietro</subfield>
    <subfield code="d">Codice autore testo/musica SPICS: 310</subfield>
    <subfield code="e">Autore testo/musica</subfield>
    <subfield code="p">Ciao Sabrina - Dolceluna</subfield>
    <subfield code="9">27909</subfield>
  </datafield>
  <datafield tag="700" ind1=" " ind2=" ">
    <subfield code="a">Alinvest</subfield>
    <subfield code="d">Codice autore musica SPICS: 24487</subfield>
    <subfield code="e">Autore musica</subfield>
    <subfield code="p">Bravo Moliere - Quando &#xE8; in onda Bim bum bam - Corre il treno di ciao ciao</subfield>
    <subfield code="9">27910</subfield>
  </datafield>
  <datafield tag="700" ind1=" " ind2=" ">
    <subfield code="a">Pani Massimiliano</subfield>
    <subfield code="d">Codice autore SPICS: 18920</subfield>
    <subfield code="e">Autore</subfield>
    <subfield code="p">Bravo Moliere</subfield>
    <subfield code="9">27911</subfield>
  </datafield>
  <datafield tag="700" ind1=" " ind2=" ">
    <subfield code="a">Draghi E.</subfield>
    <subfield code="d">Codice autore SPICS: 24633</subfield>
    <subfield code="e">Autore</subfield>
    <subfield code="p">Quando &#xE8; in onda Bim bum bam - L'Europa siamo noi - D'Artacan - Corre il treno di ciao ciao</subfield>
    <subfield code="9">27912</subfield>
  </datafield>
  <datafield tag="700" ind1=" " ind2=" ">
    <subfield code="a">Dorati M.</subfield>
    <subfield code="d">Codice autore musica SPICS: 34725</subfield>
    <subfield code="e">Autore musica</subfield>
    <subfield code="p">Il ritorno dei cavalieri dello zodiaco</subfield>
    <subfield code="9">27913</subfield>
  </datafield>
  <datafield tag="942" ind1=" " ind2=" ">
    <subfield code="c">MD</subfield>
    <subfield code="2">ddc</subfield>
  </datafield>
  <datafield tag="952" ind1=" " ind2=" ">
    <subfield code="0">0</subfield>
    <subfield code="1">0</subfield>
    <subfield code="4">0</subfield>
    <subfield code="6">A_1296_000000000000000</subfield>
    <subfield code="7">1</subfield>
    <subfield code="a">SPICS</subfield>
    <subfield code="b">SPICS</subfield>
    <subfield code="d">2013-10-25</subfield>
    <subfield code="l">0</subfield>
    <subfield code="o">A1296</subfield>
    <subfield code="r">2013-10-25 00:00:00</subfield>
    <subfield code="w">2013-10-25</subfield>
    <subfield code="y">MD</subfield>
    <subfield code="z">Progr. Ins.: 78 / N.Vol.: 1 / Copie: 1 - Copia rara: n.d. / date import: 01.01.2014 - By Epidotti, Trombetti, Vaglietti</subfield>
  </datafield>
</record>
